Cumhuriyet dönemi Türk eğlence kültürü (Record no. 4398)

MARC details
000 -BAŞLIK
Sabit Uzunlukta Kontrol Alanı 00951na a2200313 4500
001 - KONTROL NUMARASI
Denetim Alanı 13075
003 - KONTROL NUMARASI IDENTIFIER
Denetim Alanı MIRAKIL
005 - SON İŞLEM TARİHİ VE ZAMANI
Denetim Alanı 20181213155004.0
008 - SABİT-BOY VERİ ELEMANLARI - GENEL BİLGİLER
Sabit Uzunlukta Kontrol Alanı 161005b tu 000 0
020 ## - ULUSLARARASI STANDART KİTAP NUMARASI
Uluslararası Standart Kitap Numarası 9753386249
035 ## - SİSTEM KONTROL NUMARASI
Sistem Kontrol Numarası 13075
040 ## - KATALOGLAMA KAYNAK
Orijinal Kataloglama Ajansı Milas
Kataloglama Dili tur
Metne Dönüştürmek Ajansı TR-AnCHP
041 ## - DİL KODU
Metin / Ses Parça Veya Ayrı Başlığın Dil Kodu tur
082 ## - DEWEY ONLU SINIFLANDIRMA NUMARASI
Sınıflandırma Numarası 306.4809561
Ürün Numarası Ö92t 2005
090 ## - SINIFLAMA NUMARASI
Sınıflama Numarası 306.4809561 Ö92t 2005
100 ## - ANA GİRİŞ - KİŞİSEL İSİM
Kişisel Ad Özdemir, Nebi
210 ## - KISA ADI
Kısaltılmış Başlık Türk eğlence kültürü
245 ## - BAŞLIK TABLOSU
Başlık Cumhuriyet dönemi Türk eğlence kültürü
Sorumluluk Tablosu, Vb Nebi Özdemir
246 ## - UNVAN FORM VARYING
Başlık Doğru / Kısa Başlığı Türk eğlence kültürü
260 ## - YAYIN, DAĞITIM, VB
Yayın, Dağıtım, Vb Yeri Ankara
Yayıncı, Dağıtıcı, Vs Adı Akçağ
Yayın, Dağıtım, Vb Tarihi 2005
300 ## - FİZİKSEL TANIM
Kapsam 368 s.
Boyutlar 23 sm.
490 ## - SERİSİ TABLOSU
Seri Beyanı Akçağ yayınları
Hacim / Ardışık Tanımı 639
490 ## - SERİSİ TABLOSU
Seri Beyanı Araştırma-İnceleme
Hacim / Ardışık Tanımı 52
650 ## - KONU KATMA GİRİŞ - TOPİKAL DÖNEM
Topikal Süreli Veya Coğrafi Ad Giriş Elemanı Halk kültürü
Coğrafi Alt Bölümü Türkiye
650 ## - KONU KATMA GİRİŞ - TOPİKAL DÖNEM
Topikal Süreli Veya Coğrafi Ad Giriş Elemanı Eğlence kültürü
Genel Alt Bölümü Türkiye
651 ## - KONU KATMA GİRİŞ - COĞRAFİ ADI
Coğrafi İsim Türkiye
Coğrafi Alt Bölümü Kültürel araştırmalar
651 ## - KONU KATMA GİRİŞ - COĞRAFİ ADI
Coğrafi İsim Türkiye
Genel Alt Bölümü Sosyal yaşam ve gelenekler
Kronolojik Alt Bölümü Eğlence ve eğlence yerleri
942 ## - EKLENDİ GİRİŞ ELEMANLARI (KOHA)
Sınıflandırma Veya Raf Düzeni Kaynak Dewey Decimal Classification
Koha Öğesi Türü Books
999 ## - SİSTEM KONTROL NUMARALARI (KOHA)
Koha Biblionumber 4398
Koha Biblioitemnumber 4398
Holdings
Kalıcı Konum Mevcut Konum Edinme Tarihi Edinim Kaynak Toplam Check-Out'Lar Tam Çağrı Numarası Barkod Tarih Son Görülme İtibaren Geçerli Fiyatlar Koha Öğesi Türü
CHP Kütüphanesi CHP Kütüphanesi 08/05/2016 Bağış   306.4809561 Ö92t 2005 000807 08/05/2016 08/05/2016 Books